School budgets and economic scarcity (Record no. 76565)

MARC details
000 -CABECERA
campo de control de longitud fija 00566nam a2200205 a 4500
005 - FECHA Y HORA DE LA ÚLTIMA TRANSACCIÓN
campo de control 20210219153428.0
008 - ELEMENTOS DE LONGITUD FIJA--INFORMACIÓN GENERAL
campo de control de longitud fija 991125n 000 0 u
035 ## - NÚMERO DE CONTROL DEL SISTEMA
Número de control de sistema UPN01000098429
100 ## - ASIENTO PRINCIPAL--NOMBRE PERSONAL
Nombre de persona CUMMINGS, James F.
222 ## - TÍTULO CLAVE
Título clave THE EDUCATIONAL FORUM
245 ## - MENCIÓN DE TÍTULO
Título School budgets and economic scarcity
300 ## - DESCRIPCIÓN FÍSICA
Extensión 219-223
362 ## - FECHAS DE PUBLICACIÓN Y/O DESIGNACIÓN SECUENCIAL
Fecha de publicación y/o designación secuencial 1969 Vol. 33, no. 2 jan.
653 0# - TERMINO DE INDIZACION - NO CONTROLADO
Término no controlado DESARROLLO SOCIAL
653 0# - TERMINO DE INDIZACION - NO CONTROLADO
Término no controlado ESTADOS UNIDOS DE AMÉRICA
653 0# - TERMINO DE INDIZACION - NO CONTROLADO
Término no controlado PRESUPUESTO EDUCATIVO
700 ## - ASIENTO SECUNDARIO--NOMBRE DE PERSONAL
Nombre de persona RINEHART, James, coaut.
904 ## - ELEMENTOS DE DATOS D LOCAL, LDD (RLIN)
a AC
b 036240
905 ## - TIPO DE MATERIAL
Tipo de material Articulo

No items available.